Supporting combined-arms combat capability with shared electronic maintenance facilities /

Bibliographic Details
Main Author: Wild, William G.
Corporate Authors: Rand Corporation, United States. Army
Format: Book
Language:English
Published: Santa Monica, CA : Rand, [1990]
Subjects:

MARC

Tag First Indicator Second Indicator Subfields
LEADER 00000cam a2200000 a 4500
001 in00001015313
005 20150928090422.0
008 910508d19900500miua tb 00010 eng d
020 |a 0833011200 
035 |a (OCoLC)23716629 
035 |9 AFE1986AM 
040 |a EEX  |c EEX  |d UtOrBLW 
049 |a TXAM 
090 |a UC263  |b .W5 1990 
100 1 |a Wild, William G. 
245 1 0 |a Supporting combined-arms combat capability with shared electronic maintenance facilities /  |c William G. Wild, Jr. 
264 1 |a Santa Monica, CA :  |b Rand,  |c [1990] 
300 |a xv, 44 pages :  |b illustrations ;  |c 23 cm. 
336 |a text  |b txt  |2 rdacontent 
337 |a unmediated  |b n  |2 rdamedia 
338 |a volume  |b nc  |2 rdacarrier 
500 |a "Prepared for the United States Army." 
500 |a "R-3793-A". 
504 |a Includes bibliographical references. 
536 |a Sponsored by the United States Army.  |b MDA903-86-C-0059. 
500 |a "Rand library collection ". 
500 |a "May 1990" 
610 1 0 |a United States.  |b Army  |x Weapons systems  |x Maintenance and repair. 
650 0 |a Weapons systems. 
710 2 |a Rand Corporation. 
710 1 |a United States.  |b Army. 
999 |a MARS 
999 f f |s 7dcc5ec4-0a12-3909-ac81-7117bda28fbc  |i 46783b4f-432e-3f0a-8fa7-df208e1ea6b6  |t 0 
952 f f |p ric  |a Texas A&M University  |b Rellis Campus  |c Joint Library Facility  |d Remote Storage  |t 0  |e UC263 .W5 1990  |h Library of Congress classification  |i unmediated -- volume  |m A14814396224 
998 f f |a UC263 .W5 1990  |t 0  |l Remote Storage